000 00991nas a2200301 4500
001 BR9505130
003 BR-BrBNA
005 20231205094204.0
007 ta
008 230509b bl.|||p| |||| 00| 00por d
040 _aBR-BrBNA
_bpor
_cBiblioteca Nacional de Agricultura
041 _a(Pt)
072 _aF02; F01
100 1 _aAlves, J.M.C.
100 1 _aPinto, J.E.B.P.
100 1 _aBarbosa, M.H.P.
100 1 _aPinto, C.A.B.P.
245 1 _aEfeito da inibicao correlativa e reguladores de crescimento na repicagem de plantulas de batata doce (Ipomea batatas (L.)Lam)obtidas atraves da cultura de meristema
650 _aBatata Doce
650 _aRegulador de Crescimento
650 _aReproducao Vegetal
650 _aMeristema
650 _aInibidor de Crescimento
650 _aPlantula
773 0 _tCiencia e Pratica (Brazil)
_xISSN 0100-3267
_g(Jul-Sep 1992), v. 16(3) p. 349-357
_wBR9505130
909 _a202311
_bLúcia
_c55
_dLúcia Elande
942 _2AGRIS
_n0
_cANA
999 _c142654
_d142654